[Event "OS INCLIVEIS"]
[Site "http://www.queenalice.com/game.php?id=1175630"]
[Date "2013.4.26"]
[Round "-"]
[White "adelio"]
[Black "ki2013"]
[Result "1/2-1/2"]
[WhiteElo "1725"]
[BlackElo "1567"]

1. d4 d6 2. e4 Nf6 3. Nc3 Nbd7 4. g4 e5 5. g5 Ng8 6. h4 g6 7. Bc4 c6 8. b4 exd4
9. Qxd4 f6 10. Bxg8 Rxg8 11. gxf6 Qxf6 12. Qxf6 Nxf6 13. Bg5 Bg7 14. Bxf6 Bxf6
15. Nge2 Bg4 16. Rb1 O-O-O 17. a4 Bxc3+ 18. Nxc3 Bf3 19. Rh3 Rgf8 20. Kd2 Rde8
21. Ke3 Bg4 22. Rg3 Bh5 23. a5 d5 24. b5 dxe4 25. bxc6 bxc6 26. Nxe4 Re5 27. a6
Rfe8 28. Rb4 Rb5 29. Rc4 Kc7 30. Kd3 Rd8+ 31. Kc3 Ra5 32. Nc5 Rd1 33. Re3 Ra3+
34. Kb2 Rxe3 35. fxe3 Be2 36. Re4 Kb6 37. Nd3 Bxd3 38. cxd3 Rxd3 39. Kc2 Ra3 40.
Re7 Ra2+ 41. Kb3 Rh2 42. Rxh7 g5 43. h5 g4 44. Rb7+ Kc5 45. Rb4 Rxh5 46. Rxg4
Re5 47. Rc4+ Kb5 48. e4 c5 49. Ra4 Kb6 50. Kc3 Kb5 51. Kb3 Kb6 52. Kc3 Kb5 53.
Kb3 1/2-1/2

[Event "Brazil X Kenya"]
[Site "http://www.queenalice.com/game.php?id=1175726"]
[Date "2013.4.27"]
[Round "-"]
[White "Luke1416"]
[Black "ki2013"]
[Result "0-1"]
[WhiteElo "1434"]
[BlackElo "1608"]

1. e4 d6 2. d4 Nf6 3. Bg5 Nbd7 4. Bxf6 Nxf6 5. Nc3 e5 6. dxe5 dxe5 7. Qxd8+ Kxd8
8. Rd1+ Bd7 9. h3 Bb4 10. Ne2 Bxc3+ 11. bxc3 Ke7 12. Ng3 Rhd8 13. Bd3 b5 14. Rb1
a6 15. Rb2 c5 16. c4 b4 17. Ke2 a5 18. Kd2 g6 19. c3 Bc6 20. cxb4 Nxe4+ 21. Kc2
Nxf2 22. Rf1 Nxd3 23. Rb3 Ba4 24. Rb1 Bxb3+ 25. Rxb3 Nxb4+ 26. Kb2 Rd3 27. Rxd3
Nxd3+ 28. Kc3 Rd8 29. Ne4 f5 30. Ng5 h5 31. Nf3 e4 32. Nd2 g5 33. Nb3 a4 34. Na5
Ke6 35. Nc6 Ra8 36. a3 Kd6 0-1

[Event "Greetings from Kenya"]
[Site "http://www.queenalice.com/game.php?id=1177193"]
[Date "2013.5.1"]
[Round "-"]
[White "ki2013"]
[Black "wgjrl8"]
[Result "1-0"]
[WhiteElo "1531"]
[BlackElo "1440"]

1. e4 e5 2. Nf3 d6 3. Nc3 b6 4. Bb5+ Bd7 5. Bxd7+ Qxd7 6. d3 Nh6 7. Bxh6 gxh6 8.
Nd5 Bg7 9. Nh4 c6 10. Ne3 Na6 11. a3 O-O-O 12. b4 d5 13. Nef5 dxe4 14. Nxg7 Qd4
15. Ne6 Qc3+ 16. Kf1 fxe6 17. Ra2 exd3 18. cxd3 Rxd3 19. Qg4 Qc4 20. Qxc4 Rd1+
21. Ke2 b5 22. Qxc6+ Nc7 23. Rxd1 1-0

[Event "Greetings from Kenya"]
[Site "http://www.queenalice.com/game.php?id=1177194"]
[Date "2013.5.1"]
[Round "-"]
[White "wgjrl8"]
[Black "ki2013"]
[Result "0-1"]
[WhiteElo "1428"]
[BlackElo "1543"]

1. d4 d5 2. e4 dxe4 3. Nc3 Nf6 4. f3 exf3 5. Qxf3 Qxd4 6. Be3 Qd8 7. Bc4 e6 8.
Nge2 Bb4 9. O-O Bxc3 10. Nxc3 Nc6 11. Rad1 Bd7 12. Qg3 Nh5 13. Qf3 Nf6 14. Rd3
Ne5 15. Rxd7 Nxf3+ 16. gxf3 Nxd7 17. Rd1 O-O 18. Ne4 b6 19. Ng5 Qe7 20. Bd3 f5
21. h4 h6 22. Nh3 Qxh4 23. Bf1 Qg3+ 24. Kh1 Qxf3+ 25. Bg2 Qxd1+ 26. Kh2 Qxc2 27.
Nf2 f4 28. Bd4 Rae8 29. Be4 Qe2 30. Bg6 Re7 31. a4 e5 32. Bd3 Qh5+ 33. Kg1 exd4
0-1

[Event "Greetings frm Kenya"]
[Site "http://www.queenalice.com/game.php?id=1177195"]
[Date "2013.5.1"]
[Round "-"]
[White "ki2013"]
[Black "brunkali"]
[Result "1/2-1/2"]
[WhiteElo "1531"]
[BlackElo "1500"]

1. e4 e6 2. d4 d5 3. e5 c5 4. dxc5 Bxc5 5. Nc3 Nc6 6. Bb5 Ne7 7. Bxc6+ Nxc6 8.
Nf3 O-O 9. h4 h6 10. h5 Qb6 11. O-O Bd7 12. Na4 Qa5 13. Nxc5 Qxc5 14. Be3 Qc4
15. c3 Qe4 16. Bd4 Qg4 17. Nh2 Qxd1 18. Raxd1 Ne7 19. f4 Nf5 20. Kf2 Rfc8 21. g4
Ne7 22. Rg1 Nc6 23. g5 Kh7 24. gxh6 Kxh6 25. Rg3 Ne7 26. Rdg1 Nf5 27. Rh3 Rc4
28. Ng4+ Kh7 29. Ne3 Nxe3 30. Kxe3 Rg8 31. Rhg3 Be8 32. h6 g6 33. Kd2 b6 34. f5
Rc6 35. f6 Rc4 36. Kc2 b5 37. b4 a6 38. a3 Bd7 39. Rg4 Rgc8 40. Bc5 Rxg4 41.
Rxg4 Rh8 42. Rh4 Rg8 1/2-1/2

[Event "Challenge"]
[Site "http://www.queenalice.com/game.php?id=1177964"]
[Date "2013.5.3"]
[Round "-"]
[White "ki2013"]
[Black "Aspayne"]
[Result "0-1"]
[WhiteElo "1573"]
[BlackElo "2102"]

1. e4 Nf6 2. Nf3 Nxe4 3. d3 Nf6 4. Bg5 e6 5. Bxf6 Qxf6 6. Nbd2 d5 7. c3 c5 8.
Nb3 Nc6 9. d4 cxd4 10. Nbxd4 Bd7 11. Bb5 Bc5 12. Bxc6 Bxc6 13. Nxc6 bxc6 14. O-O
O-O 15. Re1 Rab8 16. Rb1 Bd6 17. Kh1 Rfc8 18. Qd4 Qxd4 19. Nxd4 c5 20. Ne2 Rb7
21. h3 Rcb8 22. b3 c4 23. b4 a5 24. a3 axb4 25. axb4 f6 26. f4 e5 27. g3 Kf7 28.
f5 Bc5 29. Red1 d4 30. Ra1 d3 31. bxc5 dxe2 32. Re1 Rb3 33. Rxe2 Rxc3 34. Ra7+
Kf8 35. c6 Rc8 36. Ra6 Rc1+ 37. Kg2 c3 38. Rea2 c2 39. Ra8 Rg1+ 40. Kf2 c1=Q 0-1

[Event "Greetings from Kenya"]
[Site "http://www.queenalice.com/game.php?id=1178502"]
[Date "2013.5.4"]
[Round "-"]
[White "ki2013"]
[Black "mrPibb"]
[Result "0-1"]
[WhiteElo "1582"]
[BlackElo "1500"]

1. e4 d6 2. d4 Nf6 3. Nc3 g6 4. h3 Bg7 5. d5 O-O 6. f3 Nbd7 7. Bg5 c6 8. Bxf6
Bxf6 9. Nge2 Qb6 10. b3 Ne5 11. Rb1 Bd7 12. Nf4 c5 13. g4 Rfe8 14. a4 Qb4 15.
Qd2 Nxf3+ 0-1

[Event "Hello !!!"]
[Site "http://www.queenalice.com/game.php?id=1178504"]
[Date "2013.5.4"]
[Round "-"]
[White "ki2013"]
[Black "dimitridruloza2012"]
[Result "0-1"]
[WhiteElo "1593"]
[BlackElo "1522"]

1. e4 Nf6 2. Nc3 Nc6 3. d4 d5 4. Nxd5 Nxd5 5. exd5 Qxd5 6. c3 b6 7. Nf3 Bg4 8.
Be2 O-O-O 9. h3 Bxf3 10. Bxf3 Qe6+ 11. Be3 Qc4 12. Bxc6 Qxc6 13. O-O f5 14. Bf4
e6 15. Be5 h5 16. h4 Be7 17. g3 Rhg8 18. Qxh5 g6 19. Qf3 Qxf3 0-1

[Event "Hello !!!"]
[Site "http://www.queenalice.com/game.php?id=1178505"]
[Date "2013.5.4"]
[Round "-"]
[White "dimitridruloza2012"]
[Black "ki2013"]
[Result "0-1"]
[WhiteElo "1529"]
[BlackElo "1641"]

1. d4 d6 2. e3 Nf6 3. Nc3 Nbd7 4. Bb5 e5 5. Nf3 c6 6. Ba4 b5 7. Bb3 e4 8. Ng5 d5
9. a4 b4 10. Ne2 h6 11. Nh3 a5 12. Nef4 Bd6 13. Qe2 Bxf4 14. Nxf4 Ba6 15. Qd2 g6
16. g3 h5 17. Kd1 Ng4 18. h3 Ngf6 19. Qe1 Nb6 20. Bd2 Qd7 21. Kc1 Rb8 22. Kb1
Bc4 23. Ka2 Bxb3+ 24. cxb3 Ke7 25. Rc1 Rbc8 26. Rc5 Ra8 27. Rxa5 Rxa5 28. Bxb4+
Ke8 29. Bxa5 Nc8 30. Qb4 Nd6 31. Rc1 Ke7 32. Qb6 Rc8 33. Qa6 Qb7 34. Qe2 Qa7 35.
Bb4 Kd7 36. Rc5 Nb7 37. Rc2 Na5 38. h4 Nb7 39. Bc5 Qb8 40. Bb6 Nd6 41. Qa6 Qa8
42. Qe2 Qb7 43. Bc5 Qa8 44. Nh3 Nh7 45. f4 Nf5 46. g4 hxg4 47. Qxg4 Ke6 48. Rg2
Rg8 49. Ka3 Kf6 50. b4 Nxe3 51. Qd7 Nxg2 52. Ng5 Nxg5 53. fxg5+ Kg7 54. Qd6 Qd8
55. Qg3 Nxh4 56. Qxh4 Rh8 57. Qg3 Qb8 58. Qf2 Rh3+ 59. b3 Qg3 60. Qf6+ Kg8 61.
Qd8+ Kh7 62. Ka2 Qxb3+ 63. Ka1 Rh1# 0-1

[Event "Hello"]
[Site "http://www.queenalice.com/game.php?id=1178518"]
[Date "2013.5.4"]
[Round "-"]
[White "ki2013"]
[Black "vangogh"]
[Result "1-0"]
[WhiteElo "1571"]
[BlackElo "1528"]

1. e4 e5 2. Nc3 Nc6 3. Nf3 Nf6 4. h3 d6 5. Bb5 a6 6. Bxc6+ bxc6 7. d3 d5 8. exd5
cxd5 9. Bg5 d4 10. Bxf6 Qxf6 11. Nd5 Qd6 12. c4 Bb7 13. Qb3 Rb8 14. Nb4 Qg6 15.
Qa4+ c6 16. g4 Qf6 17. Nd2 Bc8 18. Ne4 Qf3 19. Nxc6 Qxh1+ 20. Kd2 Qxa1 21. Nxb8+
Kd8 22. Qa5+ Ke7 23. Qc7+ Bd7 24. Qxd7# 1-0

[Event "Hello"]
[Site "http://www.queenalice.com/game.php?id=1178519"]
[Date "2013.5.4"]
[Round "-"]
[White "vangogh"]
[Black "ki2013"]
[Result "0-1"]
[WhiteElo "1545"]
[BlackElo "1594"]

1. e4 d6 2. d4 Nf6 3. e5 dxe5 4. dxe5 Qxd1+ 5. Kxd1 Ng8 6. f4 Bg4+ 7. Be2 Bxe2+
8. Nxe2 e6 9. Nbc3 c6 10. Ng3 g6 11. Be3 Na6 12. b3 Rd8+ 13. Kc1 Bc5 14. Bd2 Bb4
15. a3 Bxc3 16. Bxc3 Ne7 17. Ne4 Nd5 18. Ba5 b6 19. Nd6+ Ke7 20. c4 Ndc7 21. Bb4
c5 22. Bd2 h6 23. Be3 Ne8 24. Ne4 Kf8 25. Rd1 Rxd1+ 26. Kxd1 Kg7 27. a4 Nec7 28.
a5 Rd8+ 29. Ke1 Rd3 30. Bf2 Rxb3 31. axb6 axb6 32. Rd1 Rb4 33. Nd6 b5 34. cxb5
Nxb5 35. Ne8+ Kf8 36. Rd8 Nd4 37. Nc7+ Ke7 38. Rc8 Rb1+ 39. Kd2 Nxc7 40. Rxc7+
Kd8 41. Rxf7 Rb2+ 42. Ke3 Nf5+ 43. Kf3 Nd4+ 44. Ke3 Re2+ 45. Kd3 Rxf2 46. Rf8+
Ke7 47. Rh8 Nf5 48. Rh7+ Kf8 49. Kc4 Rxg2 50. Kxc5 Rxh2 51. Rc7 Rc2+ 52. Kb6
Rxc7 53. Kxc7 h5 54. Kc6 h4 55. Kc5 h3 56. Kc4 h2 57. Kd3 h1=Q 0-1

[Event "Hello"]
[Site "http://www.queenalice.com/game.php?id=1178635"]
[Date "2013.5.5"]
[Round "-"]
[White "ki2013"]
[Black "OliveiraDayton"]
[Result "0-1"]
[WhiteElo "1581"]
[BlackElo "1998"]

1. e4 c6 2. d4 d5 3. exd5 cxd5 4. Nf3 Nf6 5. h3 Nc6 6. Bb5 Bf5 7. Bxc6+ bxc6 8.
c3 e6 9. Bg5 Be7 10. Bxf6 Bxf6 11. Nbd2 Rb8 12. b3 O-O 13. Qe2 Qa5 14. O-O c5
15. Rfb1 Bxb1 0-1

[Event "Challenge"]
[Site "http://www.queenalice.com/game.php?id=1178826"]
[Date "2013.5.5"]
[Round "-"]
[White "dejami"]
[Black "ki2013"]
[Result "1/2-1/2"]
[WhiteElo "1615"]
[BlackElo "1581"]

1. e4 d6 2. Qf3 e5 3. Bc4 Nf6 4. Nc3 c6 5. d3 b5 6. Bb3 Bg4 7. Qg3 Nbd7 8. f3
Bh5 9. Qf2 Nc5 10. g4 Bg6 11. h4 Nxb3 12. axb3 h6 13. h5 Bh7 14. Ra6 Qc7 15. Nh3
Nd7 16. b4 f6 17. Ne2 Nb6 18. b3 Qb7 19. Ra1 d5 20. Ba3 d4 21. c3 dxc3 22. Nxc3
Qa6 23. Kd2 Bd6 24. Bb2 Qb7 25. Ba3 Ke7 26. Nb1 Rhc8 27. Rc1 Bg8 28. Rc3 Bf7 29.
Ke1 Ke8 30. Nd2 Qa6 31. Bb2 Qb7 32. Ba3 Qa6 33. Bb2 Qb7 34. Ba3 1/2-1/2

[Event "Challenge"]
[Site "http://www.queenalice.com/game.php?id=1178827"]
[Date "2013.5.5"]
[Round "-"]
[White "ki2013"]
[Black "dejami"]
[Result "1-0"]
[WhiteElo "1577"]
[BlackElo "1603"]

1. e4 e5 2. Nc3 Bc5 3. Nf3 f6 4. Bc4 Nh6 5. h3 c6 6. d3 Qb6 7. O-O Qc7 8. a3 b5
9. Ba2 d6 10. Bxh6 gxh6 11. Nh4 Qb7 12. Qh5+ Ke7 13. Qxh6 Na6 14. Ng6+ hxg6 15.
Qg7+ Kd8 16. Qxh8+ Kc7 17. Nd5+ Kb8 18. Nxf6 Nc7 19. Nd7# 1-0

[Event "OS INCLIVEIS"]
[Site "http://www.queenalice.com/game.php?id=1179145"]
[Date "2013.5.6"]
[Round "-"]
[White "adelio"]
[Black "ki2013"]
[Result "1-0"]
[WhiteElo "1757"]
[BlackElo "1659"]

1. f4 d6 2. d4 Nf6 3. Nf3 Nbd7 4. c4 c6 5. b4 b6 6. Nc3 Nb8 7. a3 Bg4 8. Ng5 h6
9. Nxf7 Kxf7 10. h3 Bf5 11. g4 Be6 12. g5 Nfd7 13. e4 Ke8 14. Ra2 h5 15. Rg2 g6
16. Bd3 Bf7 17. f5 Bg7 18. fxg6 Bxg6 19. Be3 c5 20. Nd5 cxd4 21. Bf2 Ne5 22. Rg3
Nxd3+ 23. Qxd3 e5 24. h4 Bf7 25. Rhg1 Bxd5 26. exd5 Qe7 27. Qe4 Qc7 28. Qg6+ Qf7
29. Qxd6 Qd7 30. Qg6+ Qf7 31. Qxf7+ Kxf7 32. g6+ Ke7 33. Rf3 Nd7 34. Rf7+ Kd6
35. Rxg7 Nf6 36. Rf7 1-0

[Event "Challenge"]
[Site "http://www.queenalice.com/game.php?id=1180546"]
[Date "2013.5.11"]
[Round "-"]
[White "Maraz"]
[Black "ki2013"]
[Result "1-0"]
[WhiteElo "1454"]
[BlackElo "1647"]

1. d4 d5 2. a4 Nf6 3. h4 h6 4. Nf3 Nc6 5. Ne5 Nxe5 6. dxe5 Ng8 7. Nc3 e6 8. e3
a6 9. g3 Bb4 10. Bg2 Bxc3+ 11. bxc3 Ne7 12. O-O Nc6 13. c4 Nxe5 14. cxd5 exd5
15. a5 c6 16. f4 Ng4 17. Ra4 O-O 18. f5 f6 19. Qxg4 g5 20. Ba3 Re8 21. Qh5 Bxf5
22. Rxf5 1-0

[Event "Challenge"]
[Site "http://www.queenalice.com/game.php?id=1180950"]
[Date "2013.5.13"]
[Round "-"]
[White "dejami"]
[Black "ki2013"]
[Result "1-0"]
[WhiteElo "1637"]
[BlackElo "1644"]

1. e4 d5 2. e5 e6 3. d4 Nc6 4. c3 a6 5. Nh3 h6 6. Be2 Nge7 7. Bh5 Nf5 8. b4 b5
9. Nd2 g6 10. Be2 Be7 11. a3 Bg5 12. Nb3 Be7 13. f4 Bh4+ 14. g3 Be7 15. Bd3 Bd7
16. Nf2 f6 17. Qg4 Kf7 18. h4 h5 19. Qf3 1-0

[Event "Challenge"]
[Site "http://www.queenalice.com/game.php?id=1180951"]
[Date "2013.5.13"]
[Round "-"]
[White "ki2013"]
[Black "dejami"]
[Result "0-1"]
[WhiteElo "1629"]
[BlackElo "1688"]

1. e4 e5 2. Nf3 Qf6 3. Bc4 Qg6 4. Bf1 Qxe4+ 5. Be2 d5 6. O-O d4 7. d3 Qf5 8.
Nbd2 f6 9. c3 c5 10. cxd4 exd4 11. Qa4+ Bd7 12. Qb3 b6 13. Ne4 g5 14. Nfxg5 fxg5
15. Bh5+ Kd8 16. Bf3 Nc6 17. Bxg5+ Be7 18. Bxe7+ Ngxe7 19. Nd6 Qe6 0-1

[Event "Challenge"]
[Site "http://www.queenalice.com/game.php?id=1183364"]
[Date "2013.5.21"]
[Round "-"]
[White "david_kasparov"]
[Black "ki2013"]
[Result "1-0"]
[WhiteElo "1651"]
[BlackElo "1653"]

1. e4 d5 2. e5 Nc6 3. d4 e6 4. Bb5 Bd7 5. Bxc6 Bxc6 6. Nf3 h6 7. O-O Ne7 8. Re1
Nf5 9. h3 g5 10. g4 Ne7 11. Nc3 a6 12. b3 Ng6 13. a4 Be7 14. Qd3 Qd7 15. Kg2
O-O-O 16. Kg3 Rh7 17. b4 Rdh8 18. b5 1-0